000 01013nam0a2200313 4500
001 RU\NLR\BIBL_A\012617646
005 20220127102910.0
010 _a978-5-00189-103-1
_9100
021 _aRU
_bКН-П-21-039713
_9КН-П-21-3105
035 _a(NLR Aleph) 012617646
090 _a12629130
_c12629130
100 _a20211012d2021 u y0rusy50 ca
101 0 _arus
102 _aRU
105 _ay z 000zy
181 0 _ai
_baxxe
182 0 _an
200 1 _aГрад Московъ
_fИ. Е. Смородин
203 _aТекст
_bвизуальный
_cнепосредственный
210 _aМосква
_cПеро
_d2021
215 _a77, [1] с.
_d14
320 _aБиблиогр.: с. 76 (5 назв.)
607 _aРоссия
_xИстория
_xОригинальные теории
_2nlr_sh2
_3RU\NLR\AUTH\661262921
686 1 _aТ3(2)0,02
700 1 _aСмородин
_bИ. Е.
942 _cBOOK
980 _aNB